000 01022nam a2200325 a 4500
003 AR-BaBNM
005 20251128210353.0
008 082120s2002 ||||||||||||||000 | spa||
020 _a987-9336-30-5
040 _cAR-BaBNM
245 0 0 _aLuis Sáenz Peña
_bhacia un estado moderno
260 _aBuenos Aires
_bCírculo de Legisladores de la Nación Argentina
_c1999
300 _a95 p.
490 0 _aVidas, ideas y obras de los legisladores argentinos
_vv. 39
500 _aContiene textos parlamentarios de Luis Sáenz Peña
504 _aBibliografía p. 31
600 1 4 _aSáenz Peña, Luis
600 1 4 _aJuarez Celman, Miguel
650 4 _aHISTORIA ARGENTINA
650 4 _aBIOGRAFIAS
650 4 _aHISTORIA POLITICA ARGENTINA
650 4 _aLEGISLACION ARGENTINA
650 4 _aPARTIDOS POLITICOS ARGENTINOS
650 4 _aSIGLO DIECINUEVE
655 _aBIOGRAFIAS
700 1 _aFrías, Susana R.
_eprologuista
800 1 _aMárquez, Alfonso Carlos
_edirector
942 _cBK
998 _cMariana
999 _c15181
_d15181